| 000 | 00321nam a22001097a 4500 | ||
|---|---|---|---|
| 008 | 130415b xxu||||| |||| 00| 0 eng d | ||
| 020 |
_a9780071083973 _cAvalable |
||
| 050 |
_a572.0076MAN _b002244 |
||
| 245 |
_a Biochemistry _cHussan Mohmmed,Saad .M Manzoul,MD |
||
| 250 | _a2nd Ed | ||
| 260 |
_aNew York _bMcGraw-Hill Medical _c2010 |
||
| 999 |
_c23371 _d23371 |
||